000 00961nam a22002417a 4500
999 _c64252
_d64252
005 20240530110722.0
008 180310s2016 ua a f b 000 0 ara d
017 _a2016/25147
_bمصر. دار الكتب
020 _a9789772769483
040 _aEG-CaGPL
_cEG-CaGPL
082 0 4 _221
_a320.96239
_bق/إ م
100 0 _aاسلام محمد عبدالمنعم الخولى
245 1 2 _aالمؤسسات الامنية ومشكلات الاستقرار السياسى والامنى فى سيناء /
_cاسلام محمد عبدالمنعم الخولى .
250 _aط.1
260 _aالقاهرة :
_bالمكتب العربى للمعارف ،
_c2017 .
300 _a276 ص. ؛
_c24 سم.
504 _aببليوجرافية : 255 - 276
650 0 7 _2qrmak
_aالارهاب
_zسيناء
651 0 7 _2qrmak
_aسيناء
651 0 7 _2qrmak
_aسيناء
_xتاريخ
942 _2ddc
_cBK